| 000 | 00693nam a2200217 a 4500 | ||
|---|---|---|---|
| 005 | 20240925064821.0 | ||
| 008 | 081108s2000 mx r 000 0 spa d | ||
| 020 | _a9264161309 | ||
| 035 | _aUPN01000165673 | ||
| 049 | _aUNE | ||
| 080 | _a336.745.3 (7/8) "1998" CAP. | ||
| 245 | 0 | 0 | _aCapital flows and investment performance: Lessons from Latin America/ Edited by Ricardo Ffrench-Davis; Helmut Reisen. |
| 260 | _aParis: OECD; Chile: ECLAC, 1998. | ||
| 300 | _a239 p.; 23 cm. il. | ||
| 440 | 0 | _aDevelopment Centre Studies | |
| 690 | _aInversiones extranjeras | ||
| 690 |
_aPolítica económica _91147 |
||
| 690 |
_aEconomía _911541 |
||
| 690 | _aAmérica Latina | ||
| 905 | _aUNESCO | ||
| 999 |
_c137785 _d137785 |
||